| 000 | 00447nam a22001457a 4500 | ||
|---|---|---|---|
| 020 | _a9789699704093 | ||
| 082 |
_a291.34 _bCHH |
||
| 100 | _aMuhammad Ashraf Chheenah | ||
| 245 |
_aVictim and venue of the sacrifice _cMuhammad Ashraf Chheenah |
||
| 260 |
_aIslamabad _bInterfaith study and Research Centre _c2020 |
||
| 300 | _a309p | ||
| 563 | _aHB | ||
| 650 |
_aComparative religion and non-Christian religions _9113873 |
||
| 942 |
_2ddc _cBK |
||
| 999 |
_c595287 _d595287 |
||